| 000 | 01799nam a22005774i 4500 | ||
|---|---|---|---|
| 003 | PE-LiUPU | ||
| 005 | 20250731170413.0 | ||
| 008 | 940327s1985 ve 000 0 spa d | ||
| 020 | _a9800100075 | ||
| 035 | _a(Sirsi) i9789800100073 | ||
| 040 |
_aESUCM _bspa _cESUCM _dPE-LiUPU _erda |
||
| 049 | _aPRUA | ||
| 080 |
_a129 _bS6 _220 |
||
| 245 | 0 | 3 |
_aLa Soledad del hombre / _cErich Fromm [editor], [y otros más]. |
| 250 | _aPrimera edición. | ||
| 264 |
_aCaracas, Venezuela : _bMonte Avila, _c1985. |
||
| 300 |
_a296 páginas ; _c18 centímetros. |
||
| 336 |
_atext _2rdacontent |
||
| 337 |
_aunmediated _2rdamedia |
||
| 338 |
_avolume _2rdacarrier |
||
| 505 | 0 | _aErich Fromm, alineación y capitalismo -- Karl Marx, trabajo alineado -- Robert K. Merton, burocracia y personalidad... | |
| 526 | _aSEG68 | ||
| 526 | _aSEG70 | ||
| 526 | _aSEG69 | ||
| 526 | _aSEG67 | ||
| 526 | _aSEG43 | ||
| 526 | _aP144 | ||
| 526 | _aP143 | ||
| 526 | _aP131 | ||
| 526 | _aP122 | ||
| 526 | _aP120 | ||
| 526 | _aP117 | ||
| 526 | _aP112 | ||
| 526 | _aP110 | ||
| 526 | _aP106 | ||
| 526 | _aP101 | ||
| 526 | _aP80 | ||
| 526 | _aP59 | ||
| 526 | _aP54 | ||
| 526 | _aP35 | ||
| 526 | _aP33 | ||
| 526 | _aP30 | ||
| 700 | 1 |
_aFromm, Erich, _eeditor. |
|
| 910 |
_ajck _bncf _cncf _d20161004 |
||
| 942 |
_2ddc _cBOOK |
||
| 949 |
_a129 S6 _wDEWEY _c1 _i74807 _lCCODEBUL1 _mBUL _p14.50 _r0 _sY _tBOOK _u2016-10-4 _xFCE _PP04 _0COMPRA _o.STAFF. Colección Ciencias Empresariales |
||
| 994 |
_aC0 _bPEPRU |
||
| 596 | _a1 | ||
| 999 |
_a129 S6 _wDEWEY _c12800 _i74807 _d12800 _f2021-11-8 _g6 _lCCODEBUL1 _mBUL _p14.50 _q1 _r0 _sY _tBOOK _u2016-10-4 _xEDUCACION _PP04 _0COMPRA _o.STAFF. Colección Ciencias Empresariales |
||
| 980 |
_81 _gALBERTO SANCHEZ Responsable de Automatización |
||